000 00678nam a2200277Ia 4500
005 20260324130307.0
008 008 260324s9999 xx 000 0 eng d
020 _a9780203941386
037 _aEBOOK
040 _aCRL
040 _beng
040 _cCRL
041 _2eng
041 _aeng
084 _qCRL
100 _aClaudrena N. Harold
_91181228
245 4 _aThe Rise and Fall of the Garvey Movement in the Urban South, 1918-1942
260 _bTaylor and Francis
260 _c2007
365 _a
365 _b230
856 _uhttp://www.taylorfrancis.com/books/9780203941386
942 _cEBOOK
999 _c1777278
_d1777278